Điều trị xơ gan bằng mật gấu /
Đã lưu trong:
| 主要作者: | |
|---|---|
| 其他作者: | , |
| 格式: | Bài viết |
| 語言: | Vietnamese |
| 標簽: |
添加標簽
沒有標簽, 成為第一個標記此記錄!
|
| Thư viện lưu trữ: | Thư viện Trường Đại học Đà Lạt |
|---|
| LEADER | 00759nam a2200253 4500 | ||
|---|---|---|---|
| 001 | DLU130145882 | ||
| 005 | ##20130311 | ||
| 040 | # | # | |a DLU |b vie |
| 041 | # | # | |a vie |
| 044 | # | # | |a vn |
| 100 | # | # | |a Đỗ Khắc Hiếu. |
| 245 | # | # | |a Điều trị xơ gan bằng mật gấu / |c Đỗ Khắc Hiếu, Đỗ Thị Thảo, Nguyễn Văn Nguyên. |
| 700 | # | # | |a Đỗ Thị Thảo |
| 700 | # | # | |a Nguyễn Văn Nguyên |
| 773 | # | # | |t Kỷ yếu Annual Report 1997, |g 1998, tr. 566-575 |
| 920 | # | # | |a Phòng Tạp chí -- Trung tâm Thông tin - Thư viện Trường Đại học Đà Lạt |
| 994 | # | # | |a DLU |
| 900 | # | # | |a True |
| 911 | # | # | |a Nguyễn Thị Mai Anh |
| 925 | # | # | |a G |
| 926 | # | # | |a A |
| 927 | # | # | |a BB |
| 980 | # | # | |a Thư viện Trường Đại học Đà Lạt |